Change management : the People Side of Change : an introduction to change management from the editors the Change Management Learning Center /
Uložené v:
| Hlavní autori: | , |
|---|---|
| Médium: | Kniha |
| Jazyk: | English |
| Vydavateľské údaje: |
Fort Collins
Prosci
2012
|
| Vydanie: | 2nd ed. |
| Predmet: | |
| Tagy: |
Žiadne tagy, Buďte prvý, kto otaguje tento záznam!
|
MARC
| LEADER | 00000nam a22000003a 4500 | ||
|---|---|---|---|
| 001 | 0094087 | ||
| 003 | SK-STU | ||
| 005 | 20220221084742.4 | ||
| 007 | ta | ||
| 008 | 220221s ----xo-----e------000-0-----d | ||
| 020 | |a 978-1-930885-61-5 | ||
| 040 | |a STU |b slo | ||
| 041 | 0 | |a eng | |
| 044 | |a xxu | ||
| 100 | 1 | |a Hiatt, Jeffrey M. |4 aut | |
| 245 | 1 | 0 | |a Change management : |b the People Side of Change : an introduction to change management from the editors the Change Management Learning Center / |c aut. Jeffrey M Hiatt, Timothy J Creasey |
| 250 | |a 2nd ed. | ||
| 260 | |a Fort Collins |b Prosci |c 2012 | ||
| 300 | |a 148 s. | ||
| 650 | 0 | 7 | |a manažment zmeny |
| 700 | 1 | |a Creasey, Timothy J. |4 aut | |
| 996 | |b 284M089010 |c M* 14607-1 |l MMKN |s A |a 24 |w 0094087_0001 | ||